[Event "Olympiad-39"]
[Site "Khanty-Mansiysk"]
[Date "2010.10.03"]
[Round "11.2"]
[White "Urbina, Ricardo"]
[Black "Celis, Solomon B III"]
[Result "1-0"]
[WhiteElo "2226"]
[BlackElo "1985"]
[PlyCount "67"]
[EventDate "2010.09.21"]
[EventType "team-swiss"]
[EventRounds "11"]
[EventCountry "RUS"]
[SourceTitle "CBM 139"]
[Source "ChessBase"]
[SourceDate "2010.11.18"]
[SourceVersion "1"]
[SourceVersionDate "2010.11.18"]
[SourceQuality "1"]
[WhiteTeam "Honduras"]
[BlackTeam "Macau"]
[WhiteTeamCountry "HON"]
[BlackTeamCountry "MAC"]

1. e4 c5 2. Nf3 d6 3. d4 cxd4 4. Nxd4 Nf6 5. Nc3 a6 6. Bc4 Qc7 7. Bb3 e6 8. g4 Nc6 9. g5 Nxd4 10. Qxd4 Nd7 11. Be3 b5 12. 0-0-0 Nc5 13. Rhe1 Nxb3+ 14. axb3 Rb8 15. f4 Bd7 16. b4 Rc8 17. f5 e5 18. Qd2 Bc6 19. Qf2 f6 20. gxf6 gxf6 21. Rg1 Qf7 22. Qh4 Bb7 23. Bh6 Rc4 24. Bxf8 Rxf8 25. Rxd6 Rd4 26. Re6+ Kd8 27. Qh6 Rd7 28. b3 Kc7 29. Nd5+ Bxd5 30. exd5 Rg8 31. Rd1 Rd6 32. Qe3 Qf8 33. Qa7+ Kc8 34. Re7 1-0

[Event "Olympiad-39"]
[Site "Khanty-Mansiysk"]
[Date "2010.09.24"]
[Round "4.2"]
[White "Celis, Solomon B III"]
[Black "Chipanga, Chiletso"]
[Result "0-1"]
[WhiteElo "1985"]
[BlackElo "2138"]
[PlyCount "78"]
[EventDate "2010.09.21"]
[EventType "team-swiss"]
[EventRounds "11"]
[EventCountry "RUS"]
[SourceTitle "CBM 139"]
[Source "ChessBase"]
[SourceDate "2010.11.18"]
[SourceVersion "1"]
[SourceVersionDate "2010.11.18"]
[SourceQuality "1"]
[WhiteTeam "Macau"]
[BlackTeam "Malawi"]
[WhiteTeamCountry "MAC"]
[BlackTeamCountry "MWI"]

1. d4 d5 2. c4 c6 3. e3 Nf6 4. Nf3 e6 5. b3 Nbd7 6. Bd3 Bd6 7. Bb2 Ne4 8. 0-0 0-0 9. Nbd2 f5 10. Ne5 Rf6 11. f4 Nxd2 12. Qxd2 Rh6 13. Qf2 Nf6 14. Rac1 Bxe5 15. fxe5 Ng4 16. Qg3 Nxh2 17. Rf4 Kh8 18. Ba3 g5 19. Rf2 Bd7 20. Bd6 Ng4 21. Rf3 Rh4 22. cxd5 cxd5 23. Rc7 Rc8 24. Rxb7 Qe8 25. Bc5 Qh5 26. Kf1 Nh2+ 27. Kf2 Nxf3 28. Rxd7 Nh2 29. Be2 Ng4+ 30. Ke1 Qg6 31. Kd2 Rh1 32. Bd3 Ra1 33. Rxa7 Qh5 34. Kc3 Qh1 35. Bc2 Re1 36. Kd2 Rxe3 37. Qxe3 Nxe3 38. Kxe3 Qxg2 39. b4 Qxc2 0-1

[Event "Asian Continental op 08th"]
[Site "Subic Bay"]
[Date "2009.05.16"]
[Round "4"]
[White "Murshed, Niaz"]
[Black "Celis, Solomon B III"]
[Result "1-0"]
[WhiteElo "2407"]
[BlackElo "2007"]
[PlyCount "33"]
[EventDate "2009.05.13"]
[EventType "swiss"]
[EventRounds "11"]
[EventCountry "PHI"]
[SourceTitle "CBM 130 Extra"]
[Source "ChessBase"]
[SourceDate "2009.07.02"]
[SourceVersion "2"]
[SourceVersionDate "2009.07.15"]
[SourceQuality "1"]

1. c4 e5 2. Nc3 Nf6 3. g3 Nc6 4. Bg2 Bb4 5. Nf3 Bxc3 6. bxc3 h6 7. 0-0 d6 8. Rb1 Rb8 9. d3 0-0 10. Nh4 Be6 11. e4 Qd7 12. f4 Bh3 13. fxe5 Bxg2 14. Kxg2 dxe5 15. Rxf6 gxf6 16. Nf5 Ne7 17. Qg4+ 1-0

[Event "Olympiad-38"]
[Site "Dresden"]
[Date "2008.11.19"]
[Round "6"]
[White "Celis, Solomon B III"]
[Black "Khamdamov, Suhrob"]
[Result "0-1"]
[WhiteElo "2009"]
[BlackElo "2219"]
[PlyCount "54"]
[EventDate "2008.11.13"]
[EventType "team-swiss"]
[EventRounds "11"]
[EventCountry "GER"]
[SourceTitle "CBM 128"]
[Source "ChessBase"]
[SourceDate "2009.01.28"]
[SourceVersion "1"]
[SourceVersionDate "2009.01.28"]
[SourceQuality "1"]
[WhiteTeam "Macau"]
[BlackTeam "Tajikistan"]
[WhiteTeamCountry "MAC"]
[BlackTeamCountry "TJK"]

1. d4 d6 2. Nf3 g6 3. c4 Bg7 4. Nc3 Bg4 5. h3 Bxf3 6. exf3 Nc6 7. Be3 e5 8. d5 Nd4 9. Bd3 Ne7 10. 0-0 0-0 11. Ne2 c5 12. dxc6 bxc6 13. f4 Rb8 14. Rb1 Qa5 15. a3 c5 16. fxe5 dxe5 17. f4 Nef5 18. Bxf5 Nxf5 19. Bd2 Qa6 20. Qc1 e4 21. b3 Rfd8 22. Re1 Rd3 23. Qc2 Rbd8 24. Bc3 Ne3 25. Qc1 Nxg2 26. Kxg2 Qe6 27. Bxg7 Qxh3+ 0-1

[Event "Olympiad-37"]
[Site "Turin"]
[Date "2006.05.30"]
[Round "9"]
[White "Rowe, Peter"]
[Black "Celis, Solomon B III"]
[Result "1/2-1/2"]
[WhiteElo "2049"]
[BlackElo "2079"]
[PlyCount "67"]
[EventDate "2006.05.21"]
[EventType "team-swiss"]
[EventRounds "13"]
[EventCountry "ITA"]
[SourceTitle "CBM 113"]
[Source "ChessBase"]
[SourceDate "2006.07.31"]
[SourceVersion "1"]
[SourceVersionDate "2006.07.31"]
[SourceQuality "1"]
[WhiteTeam "Guernsey Jersey"]
[BlackTeam "Macau"]
[WhiteTeamCountry "GCI"]
[BlackTeamCountry "MAC"]

1. d4 Nf6 2. Nf3 d5 3. Bf4 Bf5 4. e3 e6 5. Nbd2 Bd6 6. Ne5 0-0 7. Be2 Nbd7 8. g4 Be4 9. Nxe4 Nxe4 10. h4 f6 11. Nxd7 Qxd7 12. Bd3 Bxf4 13. exf4 Qd6 14. Bxe4 dxe4 15. Qd2 Rad8 16. 0-0-0 Qa6 17. Kb1 Rd5 18. Qe3 Ra5 19. a3 f5 20. f3 exf3 21. Qxf3 fxg4 22. Qxg4 Rff5 23. Rdg1 g6 24. Rh3 Qd6 25. h5 Rxf4 26. hxg6 h5 27. Qe2 Qd5 28. Rxh5 Qxh5 29. Qxe6+ Kg7 30. Qd7+ Kg8 31. Qc8+ Rf8 32. Qe6+ Kg7 33. Qe7+ Kg8 34. Qe6+ 1/2-1/2

[Event "Olympiad-37"]
[Site "Turin"]
[Date "2006.05.24"]
[Round "4"]
[White "Celis, Solomon B III"]
[Black "Kovacova, Zuzana"]
[Result "0-1"]
[WhiteElo "2079"]
[BlackElo "2098"]
[PlyCount "93"]
[EventDate "2006.05.21"]
[EventType "team-swiss"]
[EventRounds "13"]
[EventCountry "ITA"]
[SourceTitle "CBM 113"]
[Source "ChessBase"]
[SourceDate "2006.07.31"]
[SourceVersion "1"]
[SourceVersionDate "2006.07.31"]
[SourceQuality "1"]
[WhiteTeam "Macau"]
[BlackTeam "Bermuda"]
[WhiteTeamCountry "MAC"]
[BlackTeamCountry "BER"]

1. e4 e5 2. Nf3 Nc6 3. Bb5 a6 4. Ba4 d6 5. d4 b5 6. Bb3 Nxd4 7. Nxd4 exd4 8. Bd5 Rb8 9. Qxd4 Bd7 10. Qe3 Nf6 11. a3 Be7 12. Ba2 0-0 13. 0-0 c5 14. Bd5 Nxd5 15. exd5 Bf6 16. Qf3 Re8 17. Nc3 Be5 18. h3 g6 19. Nd1 Bf5 20. Ne3 Be4 21. Qd1 g5 22. f3 Bg6 23. Kh1 h5 24. Ra2 Qf6 25. Re1 Re7 26. c4 Bd4 27. b3 Rbe8 28. Rae2 Bc3 29. Bd2 Bb2 30. Bc1 Be5 31. Nf1 g4 32. f4 Bd4 33. Rxe7 Rxe7 34. Rxe7 Qxe7 35. Kh2 bxc4 36. bxc4 Qh4 37. Qe2 Bf5 38. Bd2 gxh3 39. g3 Qg4 40. Qxg4+ hxg4 41. Ba5 Kf8 42. Bc7 Ke7 43. Nd2 Kd7 44. Bb8 Bd3 45. a4 Bc3 46. Nb3 Bxc4 47. Nc1 0-1

[Event "Olympiad-37"]
[Site "Turin"]
[Date "2006.05.21"]
[Round "1"]
[White "Lane, Gary William"]
[Black "Celis, Solomon B III"]
[Result "1-0"]
[WhiteElo "2440"]
[BlackElo "2079"]
[PlyCount "99"]
[EventDate "2006.05.21"]
[EventType "team-swiss"]
[EventRounds "13"]
[EventCountry "ITA"]
[SourceTitle "CBM 113"]
[Source "ChessBase"]
[SourceDate "2006.07.31"]
[SourceVersion "1"]
[SourceVersionDate "2006.07.31"]
[SourceQuality "1"]
[WhiteTeam "Australia"]
[BlackTeam "Macau"]
[WhiteTeamCountry "AUS"]
[BlackTeamCountry "MAC"]

1. e4 e5 2. Nf3 Nc6 3. Bc4 Nf6 4. d3 Be7 5. 0-0 d6 6. a4 Bg4 7. c3 0-0 8. Re1 Nd7 9. h3 Bh5 10. Nbd2 Kh8 11. Nf1 Bxf3 12. Qxf3 Bg5 13. Ne3 g6 14. a5 a6 15. b4 Bf6 16. Ng4 Bg5 17. Ne3 Bf6 18. Nd5 Bg7 19. Qg3 Ne7 20. Bd2 Nxd5 21. Bxd5 c6 22. Bb3 f5 23. exf5 gxf5 24. f4 Qf6 25. Re2 Rae8 26. Rae1 Qg6 27. Qf2 Re7 28. Bc2 Rfe8 29. c4 d5 30. cxd5 cxd5 31. fxe5 Rxe5 32. Ba4 Rxe2 33. Rxe2 Rxe2 34. Qxe2 Bd4+ 35. Be3 Qg7 36. Bxd7 Bxe3+ 37. Qxe3 Qxd7 38. Qe5+ Kg8 39. Kf2 Kf7 40. Ke3 Qe6 41. Kd4 Qg6 42. Qxd5+ Kg7 43. Qxb7+ Kf8 44. Qd5 Qf6+ 45. Kc4 Qh4+ 46. d4 Qf4 47. Kc5 Qc7+ 48. Qc6 Qa7+ 49. Qb6 Qg7 50. Qb8+ 1-0

[Event "Asia Cities-ch 14th"]
[Site "Tagaytay City"]
[Date "2004.03.26"]
[Round "8.2"]
[White "Sallam, Sabri Abdul Mawla"]
[Black "Celis, Solomon B III"]
[Result "1/2-1/2"]
[WhiteElo "2196"]
[BlackElo "2125"]
[PlyCount "122"]
[EventDate "2004.03.21"]
[EventType "team"]
[EventRounds "9"]
[EventCountry "PHI"]
[SourceTitle "CBM 099 Extra"]
[Source "ChessBase"]
[SourceDate "2004.05.04"]
[SourceVersion "1"]
[SourceVersionDate "2004.05.04"]
[SourceQuality "1"]
[WhiteTeam "Sanaa"]
[BlackTeam "Macau"]
[WhiteTeamCountry "YEM"]
[BlackTeamCountry "MAC"]

1. d4 Nf6 2. c4 g6 3. Nc3 Bg7 4. e4 d6 5. Nge2 Nc6 6. d5 Ne5 7. Ng3 a5 8. Be2 Ned7 9. Be3 e5 10. h4 h5 11. Bg5 Bh6 12. Bxh6 Rxh6 13. Qd2 Rh8 14. 0-0-0 Nc5 15. Kb1 Qe7 16. f3 Bd7 17. Rc1 Kf8 18. Nf1 Kg7 19. Ne3 b6 20. Rcg1 Rh7 21. Bd1 Rb8 22. a4 Rbh8 23. Bc2 Qe8 24. b3 Qe7 25. g3 Re8 26. Rg2 Reh8 27. Qf2 Kf8 28. Ka2 Ke8 29. Qd2 Kd8 30. Rb1 Kc8 31. Rgg1 Kb7 32. Ned1 Ra8 33. Nf2 Bc8 34. Rbe1 Nfd7 35. Nb5 Rh8 36. Rh1 Na6 37. Nd3 Ndc5 38. f4 f6 39. Rhf1 Bd7 40. Nc3 Raf8 41. Rf2 Bh3 42. Nxc5+ Nxc5 43. Bd3 Rh7 44. Bf1 Bd7 45. Bg2 Bg4 46. Bf3 Bxf3 47. Rxf3 Rhf7 48. f5 g5 49. hxg5 fxg5 50. Rh1 g4 51. Rf2 Rh7 52. Rfh2 Rfh8 53. Rh4 Nd7 54. Nd1 Nf6 55. Nf2 Qg7 56. Kb2 Kc8 57. Kc2 Qh6 58. Qxh6 Rxh6 59. Kd3 Kd7 60. Ke3 Ke7 61. Kd3 Kd7 1/2-1/2

[Event "Asia Cities-ch 14th"]
[Site "Tagaytay City"]
[Date "2004.03.22"]
[Round "2.2"]
[White "Celis, Solomon B III"]
[Black "Halay, Taufik"]
[Result "0-1"]
[WhiteElo "2125"]
[BlackElo "2212"]
[PlyCount "122"]
[EventDate "2004.03.21"]
[EventType "team"]
[EventRounds "9"]
[EventCountry "PHI"]
[SourceTitle "CBM 099 Extra"]
[Source "ChessBase"]
[SourceDate "2004.05.04"]
[SourceVersion "1"]
[SourceVersionDate "2004.05.04"]
[SourceQuality "1"]
[WhiteTeam "Macau"]
[BlackTeam "Samarinda"]
[WhiteTeamCountry "MAC"]
[BlackTeamCountry "INA"]

1. d4 Nf6 2. c4 c5 3. Nf3 g6 4. g3 cxd4 5. Nxd4 Bg7 6. Bg2 Nc6 7. Nxc6 bxc6 8. 0-0 0-0 9. Nc3 Rb8 10. Qc2 c5 11. b3 d6 12. Bb2 Bd7 13. Nd5 Nxd5 14. Bxd5 Bxb2 15. Qxb2 a5 16. Qc3 a4 17. bxa4 Bxa4 18. Rab1 Qc7 19. Qd3 Bd7 20. Rxb8 Rxb8 21. Rb1 Bf5 22. Be4 Bg4 23. Rb3 Rxb3 24. axb3 Qa5 25. Kg2 Qa2 26. Bf3 Be6 27. e4 Qb2 28. Bd1 Kg7 29. Qc2 Qd4 30. Bf3 Bd7 31. Qa2 Bc6 32. Qc2 h5 33. h4 Bd7 34. Kg1 Bc8 35. Bg2 Bg4 36. Kh2 Bd1 37. Qa2 Qc3 38. Qa7 e5 39. Bh3 Qd4 40. Qa2 Qxe4 41. Bg2 Qd3 42. Bd5 Qc2 43. Qxc2 Bxc2 44. Kg2 Bxb3 45. Kf3 Bd1+ 46. Ke3 Bg4 47. Be4 Be6 48. Bd3 f5 49. f4 Kf6 50. Kd2 e4 51. Be2 Ke7 52. Kc3 Kd8 53. Kb3 Bd7 54. Kc3 Kc7 55. Bd1 Kb6 56. Bb3 Ka5 57. Bd1 Bc6 58. Be2 Ka4 59. Bd1+ Ka3 60. Bc2 Ba4 61. Bb1 Bb3 0-1

[Event "Asia Cities-ch 14th"]
[Site "Tagaytay City"]
[Date "2004.03.21"]
[Round "1.2"]
[White "Nones, II Teodulfo"]
[Black "Celis, Solomon B III"]
[Result "1-0"]
[WhiteElo "2285"]
[BlackElo "2125"]
[PlyCount "71"]
[EventDate "2004.03.21"]
[EventType "team"]
[EventRounds "9"]
[EventCountry "PHI"]
[SourceTitle "CBM 099 Extra"]
[Source "ChessBase"]
[SourceDate "2004.05.04"]
[SourceVersion "1"]
[SourceVersionDate "2004.05.04"]
[SourceQuality "1"]
[WhiteTeam "Tanauan"]
[BlackTeam "Macau"]
[WhiteTeamCountry "PHI"]
[BlackTeamCountry "MAC"]

1. e4 e5 2. Nf3 Nc6 3. Bb5 a6 4. Ba4 Nf6 5. 0-0 Be7 6. Re1 b5 7. Bb3 d6 8. c3 0-0 9. d3 Na5 10. Bc2 c5 11. Nbd2 Nc6 12. Nf1 Re8 13. Ne3 g6 14. h3 Bf8 15. Nh2 Bg7 16. Nhg4 Nxg4 17. Nxg4 Bxg4 18. hxg4 Qh4 19. Re3 Rf8 20. Rh3 Qe7 21. Qf3 Nb8 22. Rh2 h6 23. Bxh6 Bxh6 24. Rxh6 Qg5 25. Qh3 Nd7 26. g3 Kg7 27. Rh7+ Kg8 28. Kg2 Rfc8 29. f4 exf4 30. gxf4 Qxf4 31. Rf1 Qe5 32. Rhxf7 Nf8 33. Qh6 b4 34. R1f6 Qxf6 35. Rxf6 Rab8 36. Bb3+ 1-0